000 00583nam a2200169 a 4500
008 120416s1994 ||||||||||||||||| || u
020 _a9624300593
050 _aQA 564 Sha
100 _aShafarevich, Igor R
245 1 0 _aBasic algebraic geometry, 2
250 _a2nd rev.
260 _aBerlin
_bSpringer-Verlag
_c1994
350 _a0.00
650 0 _aMATHEMATICS--HANDBOOKS, MANUALS, ETC
650 _aGeometry,Algebraic
995 _D0.00
_FCBU-MAIN LIBRARY (Kitwe)
_H1
_I48.50
_M1
_UAVAILABLE
_ZAnnex Low-Usage Collection
999 _c35489
_d35489